000 01053cam a22003137a 4500
003 CHAP
005 20220329133825.0
008 971013s1986 r 00010 d
010 _a11414
011 _a12386
035 _a15571
040 _cCHAP
090 _aTesis
100 0 0 _aMartínez Sánchez, Baldomero.
_972530
245 1 3 _aEl nemátodo barrenador del plátano (Radopholus similis (Cobb) Thorne)
260 _aMarin, N. L. :
_bEl autor,
_c1986
300 _a29 h.
_b: ilus.
502 _aTesis (Ing. Agrónomo Fitotecnista). -- Univ. Autónoma de Nuevo León. Fac. de Agronomía
590 _aALEPH
_b10
_c20130110
_lUCH01
_h1228
590 _aBATCH-UPD
_b10
_c20130110
_lUCH01
_h1854
590 _aBATCH-UPD
_b10
_c20130410
_lUCH01
_h1222
590 _aBATCH-UPD
_b10
_c20130914
_lUCH01
_h1922
590 _aCONVERSION
_b10
_c20130109
_lUCH01
_h1308
650 1 4 _aPlátano
_xEnfermedades por nemátodos.
_989232
650 1 4 _aRadopholus similis.
_993710
901 _aBK
942 _cTESIS
949 _bBC
_cTES
_d-27779
_eTS1
_h20093
_i15571
_si
999 _c11414
_d11414